Euroopan valtiot vuonna 1800 - Statistics

Yleistilastot
  • Tätä visaa on pelattu 176 kertaa
  • Keskiarvotulos 15 / 29
Vastaustilastot
European Countries in 1800 % Oikein
Ruotsi
94%
Venäjä
93%
Ranskan tasavalta
91%
Espanja
89%
Iso-Britannia
89%
Tanska–Norja
89%
Portugal
86%
Habsburgien monarkia / Itävalta-Unkari
83%
Batavian tasavalta
70%
Osmanien valtakunta
69%
Preussi
69%
Irlannin kuningaskunta
59%
San Marino
59%
Andorra
55%
Monaco
55%
Molempain Sisiliain kuningaskunta
53%
Kirkkovaltio
48%
Montenegro
44%
Sardinia
38%
Pyhä saksalais-roomalainen keisarikunta
37%
Moldovia
28%
Toscana
27%
Savoiji
20%
Valakia
18%
Cospaia
16%
Couto Misto
16%
Cisalppinen tasavalta
14%
Schleswig
14%
Gozo / Għawdex
13%
Ehtoja vastaavia visoja ei löytynyt
Tulosjakauma
Jokaisen tuloksen saaneiden osuus
Persentiili vastausten määrän mukaan
Tuloshistoriasi
Et ole pelannut tätä visaa